| 000 | 00578nam a2200145 a 4500 | ||
|---|---|---|---|
| 001 | 000033564 | ||
| 005 | 20200930070342.0 | ||
| 008 | 110831s1893 xxuac 000 0 spa d | ||
| 040 |
_aDO-SdBNP _bspa _cBNPHU |
||
| 082 |
_axxx _bP792c |
||
| 100 | 1 |
_aPonce de León, Néstor _959060 |
|
| 245 | 1 | 0 |
_aThe Columbus gallery : _bThe discoverer of the new world as represented in portraits, monuments, statues, medals and paintings. Historical description / _cNéstor Ponce de León. |
| 260 |
_aNew York : _bN. Ponce de León, Publisher ;, _c1893. |
||
| 300 |
_a173 p. : _bil., retrs. ; _c29 cm. |
||
| 999 |
_c33055 _d33055 |
||